000 00293nam a22001337a 4500
008 170524b xxu||||| |||| 00| 0 eng d
020 _a9780471975083
041 _aeng
080 _a621.3
100 _a26
101 _aIM
245 _aSOFTWARE ENGINEERING
_cVLIET.H.V
942 _2udc
_cBK
999 _c14169
_d14169